Statistics for Diplomatic Crises

Click here to take the quiz!

General Stats

  • This quiz has been taken 108 times
  • The average score is 22 of 24

Answer Stats

YearDiplomatic Crisis caused byCountries% Correct
1941the attack on Pearl HarborUnited States
100%
1949a communist overthrow led by Mao ZedongChina
100%
1941the attack on Pearl HarborJapan
100%
1982the occupation of the Falklands off the Patagonian coastUnited Kingdom
100%
2014the annexation of CrimeaRussia
100%
2014the annexation of CrimeaUkraine
100%
1982the occupation of the Falklands off the Patagonian coastArgentina
97%
2008the self-declared independence of a Balkan nationKosovo
95%
1956the occupation of the Sinai peninsulaEgypt
95%
1954the revolt in a francophone North African colonyFrance
95%
1949a communist overthrow led by Mao ZedongTaiwan
95%
1954the revolt in a francophone North African colonyAlgeria
95%
2008the self-declared independence of a Balkan nationSerbia
93%
1956the occupation of the Sinai peninsulaIsrael
93%
2017the abrupt cut off of relations on the Arabian peninsulaSaudi Arabia
93%
1991the usage of a name similar to a Hellenic provinceGreece
92%
1938the AnschlussGermany
89%
1991the usage of a name similar to a Hellenic provinceMacedonia
86%
2017the abrupt cut off of relations on the Arabian peninsulaQatar
84%
1521the annexation of the city of TenochtitlánSpanish Empire
82%
1938the AnschlussAustria
81%
218 BCthe breach of the Ebro Treaty by HannibalRome
81%
1521the annexation of the city of TenochtitlánAztec Empire
68%
218 BCthe breach of the Ebro Treaty by HannibalCarthage
62%

Score Distribution

Percentile by Number Answered

Percent of People with Each Score

Your Score History

You have not taken this quiz